00314 a2200109 4500001001000000005001700010008004100027245003000068100002200098773006700120999001700187ART_1277920260410161733.0260409a 10aUna dramatica encrucijada1 aTerragno, Rodolfo0 tEjecutivos de finanzasg- Año 7, Nº 56 (jun. 1989)wREV2863 c18029d18029